000 00252nam a2200109Ia 4500
008 220204s9999 xx 000 0 und d
082 _a954
_bLAL
100 _aLal K Advani
245 0 _aPrisoners scrap book
260 _aDelhi
_bHind
_c1978
942 _cBK
999 _c31207
_d31207